000 00218nam a22001097a 4500
041 _aeng
080 _a80
100 _aBusty, Richard
245 _aBeginners Guide to Bras Rubbing
650 _aFiction
999 _c278247
_d278247
942 _cBK